00693nam a2200205Ia 4500008004100000020001800041082001600059100002100075245005200096250000800148260002500156300001400181500002400195650001500219700001900234942000700253952010500260952010500365999001700470230524s9999 xx 000 0 und d a9788120338906 a658.12bAND aAlan R.Andreasen 0aStrategic Marketing for Nonprofit Organisations a7TH aNEW DELHIbPHIc2009 aXVIII;485 aQuantity Number: 2 aManagement a Philip Kotler cBK 00104070aTATCLbTATCLcGENd2023-05-24l0o658.12 ANDp35789r2023-05-24w2023-05-24yBKzMBA305A 00104070aTATCLbTATCLcGENd2023-05-24l0o658.12 ANDp35790r2023-05-24w2023-05-24yBKzMBA305A c45969d45969